<?xml version="1.0" encoding="UTF-8"?>
<marc:record xmlns:marc="http://www.loc.gov/MARC21/slim">
   <marc:leader>00000nam a2200000 a 4500</marc:leader>
   <marc:datafield ind1="1" ind2=" " tag="100">
      <marc:subfield code="a">Mostow, Jonathan</marc:subfield>
      <marc:subfield code="4">aut</marc:subfield>
      <marc:subfield code="e">Verfasser/-in</marc:subfield>
   </marc:datafield>
   <marc:datafield ind1="1" ind2=" " tag="100">
      <marc:subfield code="a">Montgomery, Sam</marc:subfield>
      <marc:subfield code="4">aut</marc:subfield>
      <marc:subfield code="e">Verfasser/-in</marc:subfield>
   </marc:datafield>
   <marc:datafield ind1="1" ind2=" " tag="100">
      <marc:subfield code="a">Quinlan, Kathleen</marc:subfield>
   </marc:datafield>
   <marc:datafield ind1="1" ind2=" " tag="100">
      <marc:subfield code="a">Russel, Kurt</marc:subfield>
   </marc:datafield>
   <marc:datafield ind1="0" ind2="0" tag="245">
      <marc:subfield code="a">Breakdown</marc:subfield>
   </marc:datafield>
   <marc:datafield ind1="0" ind2="0" tag="245">
      <marc:subfield code="c">Kurt Russel, Kathleen Quinlan ; Drehbuch: Sam Montgomery ; Drehbuch und Regie: Jonathan Mostow</marc:subfield>
   </marc:datafield>
   <marc:datafield ind1=" " ind2="1" tag="264">
      <marc:subfield code="b">Paramount Pictures</marc:subfield>
      <marc:subfield code="c">2025</marc:subfield>
   </marc:datafield>
   <marc:datafield ind1="1" ind2=" " tag="520">
      <marc:subfield code="a">Es kann jedem passieren! Auf dem Weg nach San Diego erleben Jeff und Amy Taylor den Albtraum eines jeden Autofahrers: eine Panne mitten in der Wüste. Der Trucker Red Barr bietet seine Hilfe an und nimmt Amy mit zur nächsten Raststätte, um Hilfe zu holen. In der Zwischenzeit gelingt es Jeff allerdings, den Wagen selbst zu reparieren. Er folgt der Spur zu einem Truck Stop, doch dort angekommen, will niemand etwas von Amy gehört oder gesehen haben. Auch von Red fehlt jede Spur. Was steckt dahinter? Für Jeff beginnt eine nervenaufreibende Suche nach seiner Frau - und ein Wettlauf gegen die Zeit.</marc:subfield>
   </marc:datafield>
   <marc:datafield ind1="3" ind2=" " tag="024">
      <marc:subfield code="a">4260669614437</marc:subfield>
   </marc:datafield>
   <marc:datafield ind1=" " ind2=" " tag="500">
      <marc:subfield code="a">Ton: Deutsch, Englisch ; Untertitel: Deutsch, Englisch, Deutsch für Hörgeschädigte, Englisch für Hörgeschädigte</marc:subfield>
   </marc:datafield>
   <marc:datafield ind1="0" ind2=" " tag="490">
      <marc:subfield code="v">0</marc:subfield>
   </marc:datafield>
   <marc:datafield ind1=" " ind2=" " tag="300">
      <marc:subfield code="a">1 DVD - Video (90 Minuten)</marc:subfield>
   </marc:datafield>
</marc:record>
